| 000 | 00502nam a22001812 4500 | ||
|---|---|---|---|
| 001 | 0000008321 | ||
| 005 | 20151217160115.0 | ||
| 008 | 080305s xx 000 0 eng d | ||
| 020 |
_a9966467465 : _cKES 110 |
||
| 040 |
_aKABU _cKABU |
||
| 100 | 1 |
_aMtobwa, Ben. _@0000152152 |
|
| 245 | 1 | 0 |
_aKisa cha paka kupenda jikoni / _cBen Mtobwa. |
| 260 |
_aNairobi : _bE. A. E. P., _c1996. |
||
| 300 | _a16 p. | ||
| 908 | _a080305 | ||
| 950 | _@1 | ||
| 999 |
_c14347 _d14347 |
||